| 000 | 00432nam a2200181Ia 4500 | ||
|---|---|---|---|
| 005 | 20240921120808.0 | ||
| 008 | 240921s9999||||xx |||||||||||||| ||und|| | ||
| 041 | _aENGLISH | ||
| 082 | _A519 M9 | ||
| 100 | _aVenkatraman M K | ||
| 245 | 0 | _aEngineering Mathematics Vol 1 | |
| 250 | _a2nd | ||
| 260 |
_c1989 _bNPS,Madras |
||
| 500 | _aVol 1 | ||
| 650 |
_aEngineering Mathematics _bMathematics |
||
| 942 | _cBK | ||
| 999 |
_c247567 _d247567 |
||